Testing structural equation models

Αποθηκεύτηκε σε:
Λεπτομέρειες βιβλιογραφικής εγγραφής
Άλλοι συγγραφείς: Bollen, Kenneth A. (Επιμελητής έκδοσης), Long, J. Scott (Επιμελητής έκδοσης)
Μορφή: Βιβλίο
Γλώσσα:English
Δημοσίευση: London : Sage, 1993
Σειρά:Sage focus editions ; ; 154
Θέματα:
Ετικέτες: Προσθήκη ετικέτας
Δεν υπάρχουν, Καταχωρήστε ετικέτα πρώτοι!

MARC

LEADER 00000nam a2200000 i 4500
001 1/96651
008 991215s1993 eng d
020 |a 0-8039-4507-8 
035 |l 10055842 
040 |a GR-MY-UA  |b gre  |e aacr 
041 0 |a eng 
082 0 |a 300.15118 
245 1 0 |a Testing structural equation models /  |c Edited by Kenneth A. Bollen; J. Scott Long 
260 |a London :   |b Sage,   |c 1993 
300 |a 320 p. 
490 1 |a Sage focus editions  |v ; 154 
504 |a Includes bibliographical references and index 
650 0 0 |a Social sciences  |x Mathematical models. 
650 0 0 |a Social sciences  |x Methodology. 
700 1 |a Bollen, Kenneth A.  |4 edt 
700 1 |a Long, J. Scott.  |4 edt 
830 0 |a Sage focus editions ;  |v ; 154 
852 |a INST  |b LESVOS  |e 19991215  |h 300.15118 TES  |p 005100022592  |q 005100022592  |t BK  |y 0 
901 |a BIBL1-2000-1 
909 |a Λ  |b 071564 
922 |a 1ΕΛΗ  |b 199912  |c ΚΠΣ/ΠΜΣ  |d ΠΑΠΑΣΩΤΗΡΙΟΥ 
950 |a 157-1999-08-24 
970 |a ΚΑΜΑΤΣΟΥ  |b ΔΕΣΠΟΙΝΑ  |z 2000/01/13